BIBLIOTHÈQUE DE LA MAISON DU MEXIQUE

Logo 1 Logo 2

Conquistador anónimo (notice nᵒ 10624)

détails MARC
000 -Sello discográfico
campo de control de longitud fija 00956nam a2200301 4500
005 - Identificación de versión
campo de control 20251017062827.0
010 ## - Número Estándar Internacional de Libros (ISBN)
Número (ISBN) 84-86547-02-4
035 ## - Otros números de control del sistema
Número de control del sistema 17395
099 ## - fechas locales
Tipo de ítem Koha LIBRO
100 ## - Datos de procesamiento general
Datos de procesamiento general 20040119d1986 m y1spay5003 ba
105 ## - Campo de datos codificados: Material textual, monográfico
Datos codificados de monografía a 001zy
200 1# - Título y mención de responsabilidad
Título propio Conquistador anónimo
Designación general del material texto impreso
Otra información del título relación de la Nueva España y de la gran ciudad de Temistitan México, hecha por un gentilhombre del señor Fernando Cortés
Declaración de responsabilidad subsiguiente Edición Jesús Bustamante
210 ## - Publicación, distribución, etc.
Lugar de publicación, distribución, etc. Madrid
Nombre del editor, distribuidor, etc. Ediciones Polifemo
Fecha de publicación, distribución, etc. 1986
215 ## - Descripción física
Designación de material específico y extensión del ítem 185 p
Otras características físicas il.
Dimensiones 20 cm
345 ## - Nota de información de adquisición
Fuente de adquisición/dirección de la suscripción [OBSOLETO] Donación
410 #1 - Series
Título El Espejo Navegante
Número de volumen 4
607 ## - Nombre geográfico utilizado como tema
Elemento de entrada América
Subdivisión temática Historia
Subdivisión cronológica Hasta 1600
Número Koha 17120
607 ## - Nombre geográfico utilizado como tema
Elemento de entrada México
Subdivisión temática Historia
Subdivisión cronológica Conquista, 1519-1540
Número Koha 453
660 ## - Código de área geográfica
Código MX
676 ## - Clasificación Decimal Dewey
Número 972.01 B98c
702 ## - Nombre personal - Responsabilidad secundaria
Elemento de entrada Bustamante
Parte del nombre distinta del elemento de entrada Jesús
Número Koha 17121
801 #0 - Fuente de origen
Agencia cm
900 ## -
-- 1/6039
900 ## -
-- 7100417800\190104
942 ## - ELEMENTOS DE ENTRADA SECUNDARIOS (KOHA)
Tipo de ítem Koha Livre

Pas d'exemplaire disponible.